00363nam a2200145Ia 4500008004100000020001500041041001200056082001600068100001500084245005200099260002500151300000800176650001800184700001500202221030s9999 xx 000 0 und d a007460208x aEnglish a105.23bMan aM. Y. Khan 0aFinancial Managementcby M. Y. Khan, P. K. Jain bTMHaNew Delhic1999 a785 aBE Management aP. K. Jain